| 000 | 01101cam a22002771i 4500 | ||
|---|---|---|---|
| 001 | gs 57000182 | ||
| 003 | DLC | ||
| 005 | 20260227111405.0 | ||
| 008 | 780317s1957 dcuabd b f000 0 eng | ||
| 010 | _ags 57000182 | ||
| 035 | _a(OCoLC)3727074 | ||
| 040 |
_aDLC _cOClU _dOCoLC _dDLC |
||
| 042 | _apremarc | ||
| 050 | 0 | 0 |
_aQE75 _b.P9 no. 291 |
| 082 | _a551.76 | ||
| 100 | 1 |
_aHarshbarger, J. W. _q(John William), _d1914- |
|
| 245 | 1 | 0 |
_aStratigraphy of the uppermost Triassic and the Jurassic rocks of the Navajo country / _cby J. W. Harshbarger, C. A. Repenning, and J. H. Irwin. Prepared in cooperation with the Bureau of Indian Affairs. |
| 260 |
_aWashington : _bU.S. Govt. Print. Off., _c1957. |
||
| 300 |
_aiv, 74 p. : _bill., maps (part col.) diagrs. ; _c29 cm. |
||
| 410 | 2 | 0 |
_aGeological Survey (U.S.). _tProfessional paper ; _v291 |
| 500 | _aPart of illustrative matter fold. in pocket. | ||
| 504 | _aBibliography : p. 70-71. | ||
| 650 | 0 |
_aGeology, Stratigraphic _yTriassic |
|
| 650 | 0 |
_aGeology, Stratigraphic _yJurassic |
|
| 650 | 0 |
_aGeology _zUnited States _zNavajo Indian Reservation. |
|
| 999 |
_c29157 _d29157 |
||